<?xml version="1.0" encoding="UTF-8"?><?xml-stylesheet type="text/xsl" href="static/style.xsl"?><OAI-PMH xmlns="http://www.openarchives.org/OAI/2.0/" xmlns:xsi="http://www.w3.org/2001/XMLSchema-instance" xsi:schemaLocation="http://www.openarchives.org/OAI/2.0/ http://www.openarchives.org/OAI/2.0/OAI-PMH.xsd"><responseDate>2026-04-17T01:31:52Z</responseDate><request verb="GetRecord" identifier="oai:www.recercat.cat:2099.1/11959" metadataPrefix="marc">https://recercat.cat/oai/request</request><GetRecord><record><header><identifier>oai:recercat.cat:2099.1/11959</identifier><datestamp>2025-07-17T16:32:54Z</datestamp><setSpec>com_2072_1033</setSpec><setSpec>col_2072_452951</setSpec></header><metadata><record xmlns="http://www.loc.gov/MARC21/slim" xmlns:dcterms="http://purl.org/dc/terms/" xmlns:xsi="http://www.w3.org/2001/XMLSchema-instance" xmlns:doc="http://www.lyncode.com/xoai" xsi:schemaLocation="http://www.loc.gov/MARC21/slim http://www.loc.gov/standards/marcxml/schema/MARC21slim.xsd">
   <leader>00925njm 22002777a 4500</leader>
   <datafield ind2=" " ind1=" " tag="042">
      <subfield code="a">dc</subfield>
   </datafield>
   <datafield ind2=" " ind1=" " tag="720">
      <subfield code="a">Baos Rodríguez, Jorge</subfield>
      <subfield code="e">author</subfield>
   </datafield>
   <datafield ind2=" " ind1=" " tag="260">
      <subfield code="c">2011-02-08</subfield>
   </datafield>
   <datafield ind2=" " ind1=" " tag="520">
      <subfield code="a">Este proyecto trata sobre el estudio y cálculo de los dispositivos de potencia&#xd;
necesarios para el diseño de convertidores en aplicaciones docentes. Este proyecto&#xd;
viene a ser una introducción a la ardua tarea de construir un convertidor de potencia&#xd;
media-alta.&#xd;
La línea de trabajo de este proyecto se centra en el estudio de cuatro de los&#xd;
elementos que formaran el convertidor: los módulos de IGBT’s (dispositivos de&#xd;
potencia), drivers de disparo (dispositivos de control), traductores de corriente y la&#xd;
fuente de alimentación para la electrónica (drivers de disparo y lectores de corriente).&#xd;
Primeramente se realizar una recopilación de información sobre las posibles&#xd;
aplicaciones que será capaz de realizar el convertidor, después de esto se realiza una&#xd;
comparativa de los módulos de IGBT’s y drivers en el mercado. Una vez tenemos&#xd;
elegido el módulo de IGBT’s se presenta las conexiones necesarias para llevar a cabo&#xd;
cada una de las aplicaciones expuestas.&#xd;
Otra de las cosas que se abordan en este proyecto es la elección de las fuentes para&#xd;
la alimentación de la electrónica así como de los traductores de corriente para las&#xd;
medidas de control del convertidor. Se realizaran una serie de pruebas, relacionadas&#xd;
con la linealidad de los traductores de corriente para comprobar su correcto&#xd;
funcionamiento.&#xd;
Finalmente se explica cómo se ha implementado una de las fases para el convertidor,&#xd;
uno de los objetivos principales que persigue este proyecto. Se trata desde cómo se&#xd;
deben calcular los valores de los componentes externos entre el driver y el módulo de&#xd;
IGBT’s, el esquema de las conexiones realizadas y por último se expondrá los datos&#xd;
obtenidos de la puesta en funcionamiento.</subfield>
   </datafield>
   <datafield tag="653" ind2=" " ind1=" ">
      <subfield code="a">Àrees temàtiques de la UPC::Enginyeria electrònica::Electrònica de potència::Convertidors de corrent elèctric</subfield>
   </datafield>
   <datafield tag="653" ind2=" " ind1=" ">
      <subfield code="a">Electric current converters</subfield>
   </datafield>
   <datafield tag="653" ind2=" " ind1=" ">
      <subfield code="a">Módulo IGBT</subfield>
   </datafield>
   <datafield tag="653" ind2=" " ind1=" ">
      <subfield code="a">Driver de disparo</subfield>
   </datafield>
   <datafield tag="653" ind2=" " ind1=" ">
      <subfield code="a">LEM</subfield>
   </datafield>
   <datafield tag="653" ind2=" " ind1=" ">
      <subfield code="a">Fuente de alimentación</subfield>
   </datafield>
   <datafield tag="653" ind2=" " ind1=" ">
      <subfield code="a">Rectificador trifásico</subfield>
   </datafield>
   <datafield tag="653" ind2=" " ind1=" ">
      <subfield code="a">Aplicaciones</subfield>
   </datafield>
   <datafield tag="653" ind2=" " ind1=" ">
      <subfield code="a">Fase Convertidor</subfield>
   </datafield>
   <datafield tag="653" ind2=" " ind1=" ">
      <subfield code="a">Convertidors de corrent elèctric</subfield>
   </datafield>
   <datafield ind2="0" ind1="0" tag="245">
      <subfield code="a">Estudio y cálculo de los dispositivos de potencia necesarios para el diseño de convertidores en aplicaciones docentes</subfield>
   </datafield>
</record></metadata></record></GetRecord></OAI-PMH>